Statistics for Country Flags with Four Colors

Click here to take the quiz!

General Stats

  • This quiz has been taken 36 times
  • The average score is 21 of 42

Answer Stats

ContinentCountry% Correct
AsiaIndia
75%
South AmericaBrazil
71%
AfricaGhana
68%
AsiaJordan
68%
AsiaKuwait
68%
South AmericaSuriname
68%
AsiaUnited Arab Emirates
68%
AsiaSyria
64%
AsiaBhutan
61%
AfricaEgypt
61%
AsiaIraq
61%
AfricaTanzania
61%
South AmericaVenezuela
61%
South AmericaArgentina
57%
AfricaSudan
57%
AsiaAfghanistan
54%
AfricaEritrea
54%
AfricaGuinea-Bissau
50%
AfricaKenya
50%
AfricaMauritius
50%
South AmericaUruguay
50%
AfricaZambia
50%
AsiaAzerbaijan
46%
AsiaMalaysia
46%
AfricaDjibouti
43%
AfricaEthiopia
43%
AfricaLesotho
43%
AsiaMyanmar
43%
AsiaSouth Korea
43%
AfricaTogo
43%
AsiaUzbekistan
43%
AfricaGambia
39%
EuropeLiechtenstein
39%
AsiaPhilippines
39%
AsiaTajikistan
39%
AsiaBrunei
36%
AsiaSri Lanka
32%
AfricaRwanda
29%
EuropeMontenegro
25%
EuropeSlovenia
25%
AfricaCape Verde
21%
AsiaEast Timor
18%

Score Distribution

Percentile by Number Answered

Percent of People with Each Score

Your Score History

You have not taken this quiz